000 00604naa a22002297a 4500
001 56889
003 128042
005 20201118103248.0
008 ||||||n9999 ||| || ||
041 _aspa
245 0 _aEndeudamiento de las entidades territoriales :
_bLey 358 de 1997
260 _aBogotá :
_bEDITL,
_c1997.
300 _app.891-910
562 _e0
650 _aCOLOMBIA
650 _aCONDICIONES FINANCIERAS
650 _aENDEUDAMIENTO
650 _aENTIDADES TERRITORIALES
650 _aLEGISLACIÓN
773 _055838
_aRegimen municipal y departamental :
942 _cCHAP
999 _c56889
_d56889